| 000 | 00545nam a2200205Ia 4500 | ||
|---|---|---|---|
| 003 | 0100 | ||
| 008 | 130227s9999 xx 000 0 und d | ||
| 040 | _cARRUPELIB | ||
| 050 | _aBT103.S687 2010 | ||
| 100 | _aSpitzer, Robert J. | ||
| 245 | _aNew proofs for the existence of God | ||
| 245 | _bcontributions of contemporary physics and philosophy | ||
| 260 | _aMichigan | ||
| 260 | _bWilliam B. Eerdmans | ||
| 260 | _C2010 | ||
| 300 | _axiii | ||
| 300 | _b 319p. 23cm. | ||
| 650 | _bSpiritual Exercises - Commentaries | ||
| 942 |
_2lcc _05 |
||
| 999 |
_c5940 _d5940 |
||